|
|
|
|
| LEADER |
00000nab a2200000ua 4500 |
| 001 |
vtls010809844 |
| 003 |
SK-MaSNL |
| 005 |
20260303131902.0 |
| 008 |
230218s1972 xo |||||||||||||||||ukr| |
| 035 |
|
|
|a (urnnbn)urn:nbn:sk:snk:ar-004329
|
| 035 |
|
|
|a (uuid)645fed71-ccf3-4de4-9d89-62a579fbeae0
|
| 035 |
|
|
|a urn:nbn:sk:snk-ab42g1
|
| 040 |
|
|
|a SNKBUCL
|b slo
|c SNKBUCL
|e AACR2
|
| 041 |
0 |
|
|a ukr
|
| 044 |
|
|
|a xo
|c SK
|
| 100 |
1 |
|
|a V. Z. Borodaj
|4 aut
|9 1149108
|
| 245 |
1 |
0 |
|a Skarbnicja mistectva ukrains'kogo narodu
|c V. Z. Borodaj
|
| 773 |
0 |
|
|t Duklja : literaturno-chudožnij ta hromads'ko-polityčnyj al'manach
|g Roč. 20, č. 3 (1972), s. 48-54
|
| 958 |
|
|
|a OND
|
| 958 |
|
|
|a EUIPO
|
| 958 |
|
|
|a article3
|
| 999 |
|
|
|c 1947626
|d 1949556
|